01289cam a2200289 i 4500999001700000001000700017003000400024005001700028008004100045010001700086040001800103050001900121082001400140100002500154245027100179260006000450300004100510500017600551504002900727600003100756700004500787710003000832710002000862710003600882906004500918942003600963 c25130d25130327799OSt20170130164148.0760904s1976 caua bc 000 0 eng  a 75025218  aDLCcDLCdDLC00aND237.N25bS7300a759.13aB1 aStevens, Moreland L.00aCharles Christian Nahl :bartist of the Gold Rush, 1818-1878 : [exhibition catalogue] /cMoreland L. Stevens, with the assistance of Marjorie Arkelian ; [edited by Richard V. West ; with additional contributions by Roger D. Clisby, Susan Franz Lake, and the editor]. aSacramento, Calif. :bE. B. Crocker Art Gallery,c1976. a155 p. :bill. (some col.) ;c24 cm. a"E. B. Crocker Art Gallery, July 10-August 29, 1976; the Oakland Museum, September 14-October 31, 1976; Fine Arts Gallery of San Diego, November 20, 1976-January 2, 1977." aBibliography: p. 99-100.10aNahl, Charles,d1818-1878.1 aArkelian, Marjorie Dakin,ejoint author.2 aE.B. Crocker Art Gallery.2 aOakland Museum.2 aFine Arts Gallery of San Diego. a7bcbccorignewd2eocipf19gy-gencatlg 2lcccBOOKShND 237 .N25S73 1976